| 000 | 00523nam a2200181 a 4500 | ||
|---|---|---|---|
| 001 | 000033952 | ||
| 005 | 20230519124858.0 | ||
| 008 | 110914s2006 ag 000 0 spa d | ||
| 020 | _a9789871228188 | ||
| 040 |
_aDO-SdBNP _bspa _aBNPHU |
||
| 100 | 1 |
_aFilloy, Juan _959412 |
|
| 245 | 1 | 0 |
_aCaterva / _cJuan Filloy. |
| 260 |
_aBuenos Aires, Argentina : _bEl Cuento de Plata, _c2006. |
||
| 300 |
_a378 p. ; _c22 cm. |
||
| 490 | 1 |
_aBiblioteca popular _aautor _v1 |
|
| 830 | 0 |
_aBiblioteca popular _pautor _v1 _959413 |
|
| 049 | _aBNPD | ||
| 999 |
_c33443 _d33443 |
||